Tilastot visalle 4-kirjaimiset valtiot

Klikkaa tästä pelataksesi tätä visaa!

Yleistilastot

  • Tätä visaa on pelattu 2 108 kertaa
  • Keskiarvotulos 6 / 9

Vastaustilastot

Maa% Oikein
Viro
82%
Mali
76%
Peru
73%
Irak
71%
Iran
71%
Oman
71%
Togo
70%
Laos
62%
Tšad
60%

Tulosjakauma

Persentiili vastausten määrän mukaan

Jokaisen tuloksen saaneiden osuus

Tuloshistoriasi

Et ole pelannut tätä visaa